Online Catalogue and eLibrary

In Search of SITA Revisiting Mythology (Record no. 5687)

MARC details
000 -LEADER
fixed length control field 00602nam a2200169Ia 4500
005 - DATE AND TIME OF LATEST TRANSACTION
control field 20241114010739.0
008 - FIXED-LENGTH DATA ELEMENTS--GENERAL INFORMATION
fixed length control field 240331s9999 xx 000 0 und d
020 ## - INTERNATIONAL STANDARD BOOK NUMBER
ISBN 9780143068181
082 ## - DDC Classification
Item Number - Author Mark SEA
Class No. 823
245 #0 - TITLE STATEMENT
Title In Search of SITA Revisiting Mythology
260 ## - PUBLICATION, DISTRIBUTION, ETC.
Place of publication, distribution, etc. India
Name of publisher, distributor, etc. Penguin Books India & Yatra Books
Date of publication, distribution, etc. 2009
300 ## - PHYSICAL DESCRIPTION
Extent (e.g. Volumes, Pages etc.) XVII, 270 P .,
500 ## - GENERAL NOTE
General note This popular print of Sita, based on a painting by raja Ravi Varma, Depicts the abducted goddess, alone and brooding , yet with a flash of fire in her eyes
700 ## - ADDED ENTRY--PERSONAL NAME
Personal name Lal, Malashri
Relator term (Role) Editor
700 ## - ADDED ENTRY--PERSONAL NAME
Personal name Gokhale, Namita
Relator term (Role) Editor
942 ## - Koha item type (Biblio)
Koha item type Books in Stacks (Lending)
Holdings
Lost status Damaged status Collection code Home library Current library Shelving location Date acquired Full call number Accession Number Item type
    Lending WERC Library WERC Library Social Science Cupboard 03/31/2024 823 SEA 6740 Books in Stacks (Lending)

© WERC Library